000 00331pab a2200133 454500
008 180718b1983 xxu||||| |||| 00| 0 eng d
100 _aMiers, David R.
245 _aCompensation and conceptions of victims of crime
260 _c1983
300 _a204-12
650 _aVictims of Crime
773 _aVictimology
909 _a20231
999 _c20231
_d20231